000 00440nam a2200169Ia 4500
008 230917s9999||||xx |||||||||||||| ||und||
020 _cRS 1395.00
040 _e5006269
_aMAIN
041 _aEnglish
082 _a588 G293H
100 _aGeorge, Peter
245 0 _aHandbook of bryophyta
260 _aNew Delhi
_bRajat Publications
_c2021
300 _a291 p.
500 _a4887 22/12/2022 SP23/6717 03/02/2023 Main Budget
942 _cBK
999 _c7698
_d7698